banner koha

Documento Ambiental (Registro n. 86662)

MARC details
000 -LÍDER
Campo de controle fixo 00970nam a22003257a 4500
001 - NÚMERO DE CONTROLE
Número de controle BR2023002036
003 - CÓDIGO MARC DA AGÊNCIA CATALOGADORA
Campo de controle BR-BrBNA
005 - DATA E HORA DA ÚLTIMA ATUALIZAÇÃO
Campo de controle 20231105153257.0
008 - CAMPO DE TAMANHO FIXO
Campo fixo de controle 231105b bl.||||| |||| 00| 0 por d
040 ## - FONTE DA CATALOGAÇÃO
Agência catalogadora BR-BrBNA
Idioma da catalogação por
041 ## - CÓDIGO DO IDIOMA
Código do Idioma por
072 ## - CATEGORIA AGRIS
Código da categoria de assunto/objeto <a href="P01 ; D50">P01 ; D50</a>
Código do objeto 3200
090 ## - NÚMERO DE CHAMADA
Localização na estante 3200 BR2023002036
245 ## - TÍTULO PRINCIPAL
Título principal Documento Ambiental
Subtítulo 3 - Regimento do Pau-Brasil e outros documentos; 4 - Reservas Ambientais do Brasil
260 ## - IMPRENTA (PUBLICAÇÃO, DISTRIBUIÇÃO, ETC.)
Lugar de publicação, distribuição, etc. Rio de Janeiro, RJ (Brasil)
Nome do editor, distribuidor, etc. Terceiro Mundo
Data de publicação, distribuição, etc [nd]
300 ## - DESCRIÇÃO FÍSICA
Extensão 34 p.
490 ## - INDICAÇÃO DE SÉRIE
Título da série Ecologia e Desenvolvimento
500 ## - NOTA GERAL
Notas gerais Published after 1989; 3 illus.; 1 table
650 ## - ASSUNTO - THESAGRO
Cabeçalho tópico ou nome geográfico MEIO AMBIENTE
650 ## - ASSUNTO - THESAGRO
Cabeçalho tópico ou nome geográfico PRESERVAÇÃO DA NATUREZA
650 ## - ASSUNTO - THESAGRO
Cabeçalho tópico ou nome geográfico PAU BRASIL
650 ## - ASSUNTO - THESAGRO
Cabeçalho tópico ou nome geográfico ÁRVORE ANGIOSPERMA
650 ## - ASSUNTO - THESAGRO
Cabeçalho tópico ou nome geográfico PLANTA PARA CURTUME
650 ## - ASSUNTO - THESAGRO
Cabeçalho tópico ou nome geográfico RECURSO NATURAL
650 ## - ASSUNTO - THESAGRO
Cabeçalho tópico ou nome geográfico RESERVA BIOLÓGICA
650 ## - ASSUNTO - THESAGRO
Cabeçalho tópico ou nome geográfico DESENVOLVIMENTO SUSTENTÁVEL
650 ## - ASSUNTO - THESAGRO
Cabeçalho tópico ou nome geográfico LEGISLAÇÃO
909 ## - IDENTIFICAÇÃO DO CATALOGADOR
Ano e mês da catalogação (aaaamm) 202311
Identificação do catalogador Fernando
942 ## - TIPO ESPECÍFICO
Tipo de material Livros
952 ## - LOCATION AND ITEM INFORMATION (KOHA)
-- 2023-11-05
Exemplares
Status de empréstimo Fonte de classificação Status de danificação Não pode ser emprestado Código da coleção Localização permanente Localização atual Localização na estante Total Checkouts Número de chamada Código de barras Tipo de material
  Classificação AGRIS     Agrobase Biblioteca Nacional de Agricultura - Binagri Biblioteca Nacional de Agricultura - Binagri Agrobase - Acervo Geral   3200 BR2023002036 2023-436662 Livros

BINAGRI

Telefone: (61)3218-2567/2388/3357/2097 - binagri@agro.gov.br

Ministério da Agricultura e Pecuária , Esplanada dos Ministérios, Bloco D, Anexo B, Brasília/DF, CEP: 70.043-900